00383 a2200157 4500003000400000005001700004008004100021020001800062040000900080082002000089100001700109245004200126250001200168260003500180300001000215OSt20231214160358.0231214b |||||||| |||| 00| 0 eng d a9789393969262 coclc a894.8128bVIJ/M aVijayan, M N aMN Vijayante Lokangal /cM.N. Vijayan a3rd ed. aKozhikode:bAtma Books,c2022. a506p.